Andreas Hofer <the> social and cultural construction of a national myth in Tirol, 1809-1909

Na minha lista:
Detalhes bibliográficos
Autor principal: Cole, Laurence
Formato: Livro
Idioma:inglês
alemão
Publicado em: San Domenico (FI) European University Institute 1994
Colecção:EUI Working paper EUF No. 94/3
Assuntos:
Tags: Adicionar Tag
Sem tags, seja o primeiro a adicionar uma tag!

MARC

LEADER 00000nam a2200000 4500
001 c132437
005 20221123112143.9
041 0 |a eng 
041 0 |a ger 
044 |a IT 
245 1 0 |a Andreas Hofer  |b <the> social and cultural construction of a national myth in Tirol, 1809-1909  |c Laurence Cole 
264 1 |a San Domenico (FI)  |b European University Institute  |c 1994 
300 |a 59 s. 
490 1 |a EUI Working paper EUF  |v No. 94/3 
830 0 |a EUI Working paper EUF  |v No. 94/3 
610 2 0 |a osobnosť 
610 2 0 |a politika 
610 2 0 |a kultúra 
610 2 0 |a politika sociálna 
610 2 0 |a história 
610 2 0 |a dejiny 
610 2 0 |a Tirolsko 
610 2 0 |a Hofer, A. 
610 2 0 |a 1809-1909 
100 1 |a Cole, Laurence